Reaktívne spracovanie polymérnych kompozitov na báze hydroxidu horečnatého

Gespeichert in:
Bibliographische Detailangaben
1. Verfasser: Mišík, Marek (Verfasst von)
Format: Manuskript Buch
Sprache:Slowakisch
Veröffentlicht: Bratislava : STU v Bratislave ChtF, 1999
Ausgabe:Obháj.: 7.6.1999
Tags: Tag hinzufügen
Keine Tags, Fügen Sie das erste Tag hinzu!

MARC

LEADER 00000ntm a22000003a 4500
001 stu50009
005 20150617225709.1
008 990625s1999------------------------slo-d
040 |a STU  |b slo 
041 0 |a slo 
100 1 |a Mišík, Marek  |4 aut 
245 1 |a Reaktívne spracovanie polymérnych kompozitov na báze hydroxidu horečnatého 
250 |a Obháj.: 7.6.1999 
260 |a Bratislava :  |b STU v Bratislave ChtF,  |c 1999 
300 |a 51 s 
500 |a Tab.,grafy,lit.Zameranie: Plasty a kaučuk 
996 |b 284C008384  |c C*D12761  |l CCI  |s A  |a 24  |w stu50009_0001